000 01213cam a2200301 a 4500
999 _c16861
_d16861
001 1165749
003 OSt
005 20161118095331.0
008 961101s1997 paua bc 001 0 eng
010 _a 96071095
020 _a0887409989
040 _aDLC
_cDLC
_dDLC
050 0 0 _aNK4890.C67
_bE883 1997
100 1 _aEttinger, Roseann.
245 1 0 _aPopular jewelry of the '60s, '70s & '80s /
_cRoseann Ettinger.
246 3 0 _aPopular jewelry of the sixties, seventies, and eighties
260 _aAtglen, PA :
_bSchiffer Pub.,
_cc1997.
300 _a192 p. :
_bcol. ill. ;
_c28 cm.
440 2 _aA Schiffer book for collectors
504 _aIncludes bibliographical references (p. 190) and index.
650 0 _aCostume jewelry
_xCollectors and collecting
_xCatalogs.
650 0 _aCostume jewelry
_xHistory
_y20th century
_xCatalogs.
906 _a7
_bcbc
_corignew
_d2
_eopcn
_f19
_gy-gencatlg
942 _2lcc
_cBOOKS
_hNK 4890 .C67E883 1997